Fit India; (Record no. 199389)

MARC details
000 -LEADER
fixed length control field 00767nam a22001937a 4500
005 - DATE AND TIME OF LATEST TRANSACTION
control field 20231220150314.0
010 ## - LCCN (DPL NO)
LC control number B-755991-996 ENG-18.10.23
020 ## - INTERNATIONAL STANDARD BOOK NUMBER
International Standard Book Number 9788178443652
Terms of availability 1295.00
035 ## - SYSTEM CONTROL NUMBER
System control number B-755991-996
037 ## - SOURCE OF ACQUISITION
Source of stock number/acquisition K.K. Publication
082 ## - DEWEY DECIMAL CLASSIFICATION NUMBER
Classification number 615.5
100 ## - MAIN ENTRY--PERSONAL NAME
Personal name Srivastava, Sumita.
245 ## - TITLE STATEMENT
Title Fit India;
Statement of responsibility, etc Sumita Srivastava
Remainder of title Holistic Health Care for Quality Life/
260 ## - PUBLICATION, DISTRIBUTION, ETC. (IMPRINT)
Place of publication, distribution, etc New Delhi
Date of publication, distribution, etc 2023
Name of publisher, distributor, etc K K Publication
270 ## - ADDRESS
Address 4806/24, Bharat Ram Road, Daryaganj
City New Delhi
Postal code 110002
300 ## - PHYSICAL DESCRIPTION
Extent 441p.
Dimensions 22cm (hb)
942 ## - ADDED ENTRY ELEMENTS (KOHA)
Source of classification or shelving scheme Dewey Decimal Classification
Item type English Books
Classification part 615.5
Call number suffix SRI
Holdings
Withdrawn status Lost status Not for loan Collection code Home library Current library Date acquired Source of acquisition Cost, normal purchase price Full call number Barcode Copy number Cost, replacement price Koha item type
      Non-fiction Ashok Vihar Ashok Vihar 20/12/2023 K.K. Pub/79/25.11.23/39/23.11.23/1.12.23 1295.00 615.5 SRI B-755993 1 1295.00 English Books
      Non-fiction Central Library Central Library 20/12/2023 K.K. Pub/79/25.11.23/39/23.11.23/1.12.23 1295.00 615.5 SRI B-755991 1 1295.00 English Books
      Non-fiction Diz Area Diz Area 20/12/2023 K.K. Pub/79/25.11.23/39/23.11.23/1.12.23 1295.00 615.5 SRI B-755995 1 1295.00 English Books
      Non-fiction Mobile Library Mobile Library 20/12/2023 K.K. Pub/79/25.11.23/39/23.11.23/1.12.23 1295.00 615.5 SRI B-755992 1 1295.00 English Books
      Non-fiction Peshwa Road Peshwa Road 20/12/2023 K.K. Pub/79/25.11.23/39/23.11.23/1.12.23 1295.00 615.5 SRI B-755994 1 1295.00 English Books
      Non-fiction Shahdara Branch Shahdara Branch 20/12/2023 K.K. Pub/79/25.11.23/39/23.11.23/1.12.23 1295.00 615.5 SRI B-755996 1 1295.00 English Books

© Delhi Public Library
Hit Counter
free hit counter